000 00459nam a22001697a 4500
020 _a9789353451820
082 _a823.01(ITr.)
_bMUR/S
100 _aMurugan Perumal
245 _aSandalwood soap and other stories/
_cby Murugan Perumal
260 _aNew Delhi:
_bJuggernaut books,
_c2023.
300 _a202p.
650 _a stories english
650 _aEnglish literature
650 _aLiteratrure
700 _aKavitha Muralidharan (tr.)
942 _cBK
999 _c181296
_d181296